Philosophie - Statistiques

Statistiques générales
  • Ce quiz a été pris 384 fois
  • Le résultat moyen est 8 sur 82
Statistiques - réponses
Hint Réponse % Correct
Le fait de ne pas croire en Dieu ou le fait de nier l'existence de Dieu. Athéisme
50%
Capacité pour l'homme de se dire l'auteur de son action, quelle que soit la série des causes qui a précédé son acte. Libre-Arbitre
50%
Mouvement vibratoire dans l'air qui produit une sensation auditive. Son
33%
état de bien être complet et durable Bonheur
32%
Attitude consistant à se remettre en question ses propres opinions au profit du savoir. Doute
32%
Attitude qui consiste à prendre sa culture comme modèle de toutes les cultures et à considérer les autres cultures comme non culturelles ou inférieure. Ethnocentrisme
30%
Dire intentionnellement le contraire en sachant que quelque chose est vrai. Mensonge
26%
Capacité d'agir sans contrainte. Liberté
23%
Doctrine qui fait du plaisir le but de la vie. Hédonisme
22%
Ce qui existe indépendamment de l'homme. Nature
21%
Je pense que c'est vrai et cette idée ne doit pas être remise en question Dogme
20%
Principe de séparation entre la religion et la société civile. Laïcité
19%
Système de signes propres à une communauté. Langue
19%
La philosophie des sciences. L'épistémologie
19%
Faire usage de la sensibilité, dans le discours, pour l'emporter sur l'interlocuteur. Persuader
19%
état de bien être partiel et éphémère Plaisir
19%
Elle a deux fonctions, pratique : faculté de juger du bien et du mal et théorique : faculté de juger du vrai et du faux. On parle de rationnel. La raison
18%
Science humaine qui a pour objet la langue et qui s'intéresse à la manière dont la langue est structurée et dont elle détermine la pensée de la personne qui parle. Ce qui est mis en avant, c'est alors le rôle d'obstacle que joue la langue à l'expression d'une pensée libre. Linguistique
17%
Jugement formé avant réflexion. Préjugé
17%
Attitude qui consiste à croire que la vérité n'existe pas et que chacun dispose d'une vérité différente. Relativisme
17%
Ensemble de règles ou de principes qui permettent de distinguer le bien du mal et de guider l'action humaine en direction du bien. La morale
14%
Ce qui aurait pu être autrement ou ne pas être du tout. Contingent
13%
Doctrine qui fait du bonheur le but de la vie humaine. Eudémonisme
13%
Concordance de la pensée à la réalité. Vérité
13%
Activité de l'Homme qui quand il crée, s'affranchit des règles apprises au profit de ses propres règles et produit une oeuvre dont la valeur ne dépend d'aucune fonction. Art
12%
Faire usage de la raison, dans le discours, pour l'emporter sur l'interlocuteur. Convaincre
12%
Nécessité pour celui qui a agi librement de répondre de ses actes. La Responsabilité
12%
Ensemble des méthodes qui permettent de connaître les différents aspects de la réalité de manière rigoureuse et objective en établissant des lois qui leur président. Les Sciences
12%
C'est un système de croyances et de pratiques fondé sur l'existence d'une institution qui exerce un pouvoir spirituel, moral, politique et économique et qui se manifeste par des textes, des lieux de cultes, un clergé voire un territoire..... Religion
12%
Faculté d'émettre des sons. Voix
12%
Produit de l'imagination humaine qui interprète la nature en attribuant aux phénomènes naturels des pouvoirs surnaturels. Superstition
11%
Quand on s'intéresse à des choses que l'ont ne peut pas montrer Métaphysique
10%
Penser que quelque chose est vrai sans avoir le moyen de le démontrer. Croyance
9%
Je pense que c'est vrai et je n'ai pas le moindre doute à ce propos. Certitude
8%
Agissement physique ou morale exercée contre une personne afin de l'obliger à agir contre sa volonté. Contrainte
8%
Situation où on devrait faire quelque chose. (risque de sanction morale) Devoir
8%
Je pense que c'est vrai et pourtant ça ne l'est pas. Erreur
8%
Faculté d'échanger des signes. Langage
8%
Ce qui n'aurait pas pu être autrement ou ne pas être du tout. Nécessaire
8%
Je pense que c'est vrai parce que, de la place que j'occupe, je le vois ainsi. Point de vue
8%
Doctrine qui défend l'idée qui la valeur morale d'une action dépend des conséquences de cette action. Le but est de maximiser la quantité de bien-être collectif ou de minimiser le mal lorsqu'on agit. Conséquentialisme
7%
Sentiment de bien-être qui déborde l'instant présent car dans le moment où il s'éprouve, le passé et l'avenir se rejoignent pour donner un aperçu du bonheur. Joie
7%
Composé d'un signifiant qui renvoie à un signifié qui représente une réalité absente. Signe
7%
Attitude qui consiste à affirmer fermement un propos en refusant absolument toutes discussions. Dogmatisme
6%
Ce qui existe en titre de potentialités (capacités) En puissance
6%
Ensemble des conditions d'existence de quelque chose, ce par quoi un évènement, un phénomène, une action arrive. Cause
5%
Ce pour quoi quelque chose se fait ou existe. Fin
5%
Situation où on n'a pas le droit de ne pas faire quelque chose. (risque de sanction juridique) Obligation
5%
Je pense que c'est vrai et je vous demande de l'admettre pour la suite de mon raisonnement. Postulat
5%
Proposition qu'on admet sans preuve car les conséquences de cette proposition sont nécessaires. Postulat
5%
Faculté de penser qui offre la capacité de faire autre chose que ce que commande la nature. Raison
5%
Monde d'objets produits par l'homme et qui sont culturels parce qu'ils manifestent la pensée de l'homme. Culture
4%
Doctrine qui défend l'existence de principes moraux qui valent indépendamment de l'action et de ses conséquences et qui doivent donc être respectés en toute circonstance. Déontologisme
4%
Nécessité relative des événements, qui s'impose à l'individu de façon prévisible et selon des lois qu'on peut connaître. Déterminisme
4%
Modèle de pensée dominant Paradigme
4%
C'est la reconnaissance par l'homme de l'existence d'un pouvoir ou d'un principe supérieur de qui dépend sa destinée. Elle pose donc l'existence du sacré. Religion
4%
Signe dont le signifiant représente le signifié dans une relation de ressemblance ou d'analogie. Symbole
4%
La Perversion de l'oligarchie. Aristocratie
3%
Accomplissement de son humanité. Bonheur
3%
Je pense que c'est vrai et j'ai adhéré intimement à l'idée. Conviction
3%
Donner son adhésion à des points de vue, énoncer des jugements qui prétendent à la vérité et qui donnent une représentation hypothétique du monde sans forcément admettre qu'elle est seulement hypothétique. Croire
3%
Ce qui a été effectivement réalisé. En acte
3%
Nécessité absolue des événements, qui s'impose de façon imprévisible pour l'individu qui les subit. Elle est sans ordre et n'obéit à aucune loi. Fatalité
3%
Capacité d'agir en fonction d'une fin qui détermine l'action présente. La volonté
3%
Obstacle qui empêche la connaissance scientifique du réel. Obstacle épistémologique
3%
Je pense que c'est vrai et je peux soutenir cette idée à l'aide d'arguments. Une Thèse
3%
Je pense que c'est vrai et je le fais savoir aux autres. Avis
2%
Jugement faux qu'on croit vrai ou jugement vrai qu'on est incapable de justifier. Opinion
2%
Posséder des connaissances, c'est-à-dire être apte à porter des jugements objectivement vrais en ayant une représentation vraie du monde et en sachant pourquoi elle est vraie. Savoir
2%
Ensemble de connaissances systématisées à propos d'un type d'objet donné. Sciences de
2%
Composé d'un signifiant qui renvoie à un signifié qui est un fait physique Signification
2%
Principe d'action défini par la raison et valant en toutes circonstances. Devoir
1%
L'idée selon laquelle la langue consiste à répertorier les categories de la réalité qui sont les étiquettes de mots. La langue-répertoire
1%
Jugement vrai qu'on est capable de justifier. Le Savoir
1%
Appropriation individuelle de cette faculté et de ce système de signes dans des contextes particuliers. Parole
1%
Je pense que c'est vrai et cette idée sera le fondement de mon argumentation. Principe
1%
Ce qui dépasse la signification dans l'acte de parole. Sens
1%
Abilité à affirmer une chose et son contraire et finalement la thèse qui l'emporte est celle qui va s'imposer. Sophistique
1%
L'action est le résultat ou l'effet de causes qui n'appartiennet pas à l'auteur de l'acte dans la logique qui est... Empirique
0%
Connaissance universelle qui se démarque de l'opinion spontanée parce qu'elle est l'objet d'une lente maturation et le produit d'un esprit pondéré. La Science
0%
Il est double : Il est sensible, donné par les sens et par l'expérience et intelligible : construit par la pensée, il permet de dépasser les limites de la perception. Le réel
0%
Former des concepts permettant d'interroger nos opinions. Penser
0%
Aucun quiz correspondant
Distribution des résultats
% des personnes avec chaque résultat
Percentile par nombre de réponses
Votre historique - résultats
Vous n’avez pas pris ce quiz